Chronická lymfatická leukemie - diagnostika, komplikace onemocnění a možnosti léčby

Bibliographic Details
Main Authors: Krč, I. (Author), Galuszková, D. (Author), Juryšek, O. (Author)
Format: Article
Language:Slovak
Czech
PhysicalDescription:Tab. 6, res. angl., čes., lit. 16 zázn.
Subjects:

MARC

LEADER 00000nab a2200000 a 4500
001 vtls000614834
003 SK-MaSNL
005 20260304090851.0
008 250425c1996 xo 0 slo
015 |a SNBRB19rr/mm-uuuuu 
035 |a CL0614973 
035 |a urn:nbn:sk:snk-aba5qp 
035 |a (urnnbn)urn:nbn:sk:snk:ar-a09hdv 
035 |a (uuid)8cc7770f-f8a8-42b5-955a-19e05d657227 
040 |a SNKBUCL  |b slo  |c SNKBUCL  |e AACR2 
041 0 |a cze 
044 |a xo  |c SK 
080 |a 616.155.392.2  |2 1981 
100 1 |a Krč, I.  |4 aut  |9 981627 
245 1 0 |a Chronická lymfatická leukemie - diagnostika, komplikace onemocnění a možnosti léčby  |c I. Krč, D. Galuszková, O. Juryšek 
300 |b Tab. 6, res. angl., čes., lit. 16 zázn. 
650 0 7 |a chronická lymfocytová leukémia  |2 snkbucl  |9 178589 
655 7 |a články z novín a časopisov  |2 snkbucl  |9 267496 
700 1 |a Galuszková, D.  |4 aut  |9 792834 
700 1 |a Juryšek, O.  |4 aut  |9 1259477 
773 0 |t Hematológia a transfuziológia  |g Roč. 6, č. 4 (1996), s. 48-55 
850 |a Slovenská národná knižnica 
852 |a Slovenská národná knižnica 
954 |a odborná, vedecká literatúra cudzojazyčná (svetová)  |2 lita 
958 |a article13 
958 |a OND 
958 |a NB 
958 |a MI 
958 |a RK 
958 |a EUIPO 
999 |c 2813084  |d 2815014